000 01210nam a2200325 c 4500
003 BLK
005 20240801083803.0
008 180408b bul|||||r ||||||| ||bul||
010 _aKNG00059620000
020 _a954-529-396-9
_bиздат.: Колибри
040 _aBLK
041 _aBUL
_cBUL
080 _aЧилийска литература
_b821.134.2(83)
_x-31
_z821.134.2(83)-31
100 1 _aАлиенде, Исабел
_eпърви автор
_930822
700 1 _aБарух, Еми Бохор
_eпрев. от исп.
_9365914
139 _aАлиенде, Исабел
_bА 54
245 1 0 _aГората на пигмеите
_bРоман
_cИсабел Алиенде; прев. от исп. Еми Бохор Барух.
257 _aCHI
260 София
_bКолибри
_c2006
_fСофия : Унискорп
300 _a212 с.
_c20 см
380 _aX
500 _aОриг. загл. El bosque de los pigmeos / Isabel Allende. - Офс. изд.
653 _aромани
852 _aЦб 227678
856 4 _qpdf
_u
856 4 _qpdf
_u
942 _cKNG
_n0
_02
944 _aCR
_c29.05.2006
_k30532
_lЛиляна Коева
944 _aED
_c23.11.2006
_k
999 _c55649
_d55649